A year in China ; and a narrative of capture and imprisonment, when homeward bound, on board the rebel pirate Florida /

Bibliographic Details
Main Author: Williams, Martha Noyes, "Mrs. H. D. Williams."
Format: Book
Language:English
Published: New York : Hurd and Houghton, 1864.
Subjects:

MARC

Tag First Indicator Second Indicator Subfields
LEADER 00000cam a2200000 4500
001 in00000282513
005 20151010090541.0
008 790706s1864 nyua 00010 eng d
010 |a  04029230  
035 |a (OCoLC)05146582 
035 |9 ABG4516AM 
040 |a TXA  |c TXA  |d UtOrBLW 
049 |a TXAM  |c [924734] 
090 |a DS709  |b .W71 
100 1 |a Williams, Martha Noyes,  |c "Mrs. H. D. Williams." 
245 1 2 |a A year in China ;  |b and a narrative of capture and imprisonment, when homeward bound, on board the rebel pirate Florida /  |c By Mrs. H. Dwight Williams. With an introductory note by William Cullen Bryant. 
264 1 |a New York :  |b Hurd and Houghton,  |c 1864. 
300 |a xvi, 362 pages 
336 |a text  |b txt  |2 rdacontent 
337 |a unmediated  |b n  |2 rdamedia 
338 |a volume  |b nc  |2 rdacarrier 
651 0 |a China  |x Description and travel. 
999 |a MARS 
999 f f |s d634afe9-6adc-391e-85f3-f984e97d0da6  |i 91c52e33-abb9-3de9-9d7a-4786d23f7b97  |t 0 
952 f f |p ric  |a Texas A&M University  |b Rellis Campus  |c Joint Library Facility  |d Remote Storage  |t 0  |e DS709 .W71  |h Library of Congress classification  |i unmediated -- volume  |m A14802065320 
998 f f |a DS709 .W71  |t 0  |l Remote Storage